Statistiken für Länder mit den meisten Flughäfen

Klicken Sie hier um das Quiz zu spielen!

Allgemein

  • Dieses Quiz wurde 98 mal gespielt
  • Das Durchschnittsergebnis liegt bei 15 aus 20

Antwortstatistiken

#Land% Korrekt
507China
100%
13.513Vereinigte Staaten
100%
539Deutschland
98%
1.467Kanada
97%
1.714Mexiko
97%
1.218Russland
97%
4.093Brasilien
95%
464Frankreich
93%
916Argentinien
90%
418Australien
87%
460Vereinigtes Königreich
82%
481Chile
80%
836Kolumbien
73%
407Südafrika
65%
855Bolivien
62%
673Indonesien
62%
444Venezuela
58%
432Ecuador
47%
799Paraguay
42%
561Papua-Neuguinea
11%

Verteilung der Resultate

Perzentil nach korrekt beantworteten Fragen

Anzahl Personen mit jedem Resultat

Ihre Resultats-Entwicklung

Sie haben dieses Quiz noch nicht gespielt